| 000 | 01018cam a22002771 4500 | ||
|---|---|---|---|
| 001 | e 33001397 | ||
| 003 | DLC | ||
| 005 | 20260227111224.0 | ||
| 008 | 900626s1933 dcuab f000 0 eng | ||
| 010 | _ae 33001397 | ||
| 035 | _a(OCoLC)21922291 | ||
| 040 |
_aDLC _cMiEM _dOCoLC _dDLC |
||
| 042 | _apremarc | ||
| 050 | 1 | 0 |
_aL111 _b.A73 no. 441 |
| 051 |
_aLA209 _b.A4 1933 |
||
| 110 | 1 |
_aUnited States. _bOffice of Education. |
|
| 245 | 1 | 4 |
_aThe deepening crisis in education, _cPrepared by the Office of education. |
| 260 |
_aWashington, D.C., _bU.S. Govt. print. off., _c1933. |
||
| 300 |
_a15, [1] p. _billus., map _c23 cm. |
||
| 490 | 1 |
_aU. S. Office of education. Leaflet, _vno. 44 |
|
| 500 | _aAt head of title: United States Department of the interior. Harold L. Ickes, secretary. | ||
| 650 | 0 |
_aEducation _zUnited States _xFinance. |
|
| 651 | 0 |
_aUnited States _xEconomic conditions _y1918-1945. |
|
| 650 | 0 |
_aEducation _xEconomic aspects. |
|
| 830 | 0 |
_aLeaflet (United States. Office of Education) ; _vno. 44 |
|
| 999 |
_c21365 _d21365 |
||